Pays représentés par des Ballon d'or - Statistiques

Statistiques générales
  • Ce quiz a été pris 159 fois
  • Le résultat moyen est 15 sur 21
Statistiques - réponses
Nombre de Ballon d'or Pays % Correct
6 France
100%
7 Argentine
99%
5 Brésil
99%
7 Portugal
97%
7 Allemagne
96%
5 Angleterre
96%
5 Italie
95%
4 Espagne
89%
7 Pays-Bas
88%
1 Croatie
70%
3 Union Soviétique
68%
1 Ukraine
65%
1 Hongrie
63%
1 Danemark
58%
1 Libéria
57%
1 Norvège
52%
1 Bulgarie
49%
1 Etats-Unis
49%
1 Ecosse
48%
2 Tchécoslovaquie
48%
1 Irlande du Nord
39%
Aucun quiz correspondant
Distribution des résultats
% des personnes avec chaque résultat
Percentile par nombre de réponses
Votre historique - résultats
Vous n’avez pas pris ce quiz